Le 1er millénaire en Europe - Statistiques

Statistiques générales
  • Ce quiz a été pris 13 fois
  • Le résultat moyen est 4 sur 25
Statistiques - réponses
Hint Réponse % Correct
Fin de la conquête des Gaules par César 052
77%
Auguste devient le 1er empereur romain 027
46%
Assassinat de Jules César 044
38%
Mort d'Alexandre le Grand 323
31%
Mort d'Aristote 322
23%
Achèvement du Parthénon à Athènes 432
23%
Installation de la 1ère démocratie à Athènes 508
23%
Le calendrier Julien est mis en place à Rome 046
15%
Mort de Platon 347
15%
Mort de Socrate 399
15%
Abolition de la royauté à Rome 509
15%
Fondation de Marseille 600
15%
Prise de Rome par Tarquin l'ancien, roi étrusque 616
15%
1er Jeux Olymmpiques 776
15%
Destruction de Carthage 146
8%
Rome occupe la péninsule ibérique 206
8%
Début de la 1ère guerre punique entre Rome et Carthage 264
8%
Sac de Rome par les Celtes 385
8%
Développement des cités grecques autour d'édifices publics, temples, théâtres et gymnases 700
8%
Fondation de Rome 753
8%
Les aristocrates prennent le pouvoir dans les villes grecques 800
8%
Le climat se dégrade devenant de plus en plus froid et humide 900
8%
Delphes est ravagé par les Celtes 283
0%
Création de la sépulture de Vix en Bourgogne 500
0%
Arrivée du fer en Grèce 990
0%
Aucun quiz correspondant
Distribution des résultats
% des personnes avec chaque résultat
Percentile par nombre de réponses
Votre historique - résultats
Vous n’avez pas pris ce quiz